00691nam a2200181 a 450000100100000000500170001000800410002704000250006811000370009324500330013026000470016330000270021050400300023704900090026795201050027695201110038199900170049200003597420200930074751.0111121s19uu dr a 000 0 spa d aDO-SdBNPbspacBNPHU1 aMuseo de las Casas Reales96199810aSala de armas :bcatalogo /. aSanto Domingo :bAmigo del Hogar,c[198?]. a83 p. :bil. ;c26 cm. aBibliografía : p. 81-82 aBNPD 0010718PDaPDbPDcCTd2011-11-21iLF1l0o p35974-10r2020-06-25w2020-06-25yLFPDZNo se presta 0010718PDaPDbPDcCTd2013-05-08iLF1l0o p35974-20r2020-06-25te. 2w2020-06-25yLFPDZNo se presta c35465d35465